Centralizácia služieb prvej zdravotníckej pomoci Zdravotníctvo

Bibliographic Details
Main Author: Jakubíková, Matilda (Author)
Corporate Author: Nemocnica s poliklinikou sv. Barbory (Rožňava, Slovensko) (Author)
Other Authors: (jkč) (upr)
Format: Article
Language:Slovak
PhysicalDescription:1 foto
Subjects:

MARC

LEADER 00000nab a2200000 a 4500
001 vtls001005602
003 SK-MaSNL
005 20260304231855.0
008 040720e19990309xo 0 slo
035 |a RV6202 
040 |a RVGKPD  |b slo  |c RVGKPD  |e AACR2 
041 0 |a slo 
044 |a xo  |c SK 
080 |a 614  |2 1981 
080 |a 362.111  |2 1981 
100 1 |a Jakubíková, Matilda  |4 aut  |9 1181878 
245 1 0 |a Centralizácia služieb prvej zdravotníckej pomoci  |b Zdravotníctvo 
300 |b 1 foto 
500 |a informácie 
610 2 7 |a Nemocnica s poliklinikou sv. Barbory (Rožňava, Slovensko)  |2 RVGKPD  |9 31725 
650 0 7 |a zdravotná starostlivosť  |2 RVGKPD  |9 1303 
650 0 7 |a strediská prvej zdravotníckej pomoci  |2 RVGKPD  |9 1027093 
651 7 |a Štítnik (Slovensko)  |2 RVGKPD  |9 18458 
651 7 |a Gočovo (Slovensko)  |2 RVGKPD  |9 58511 
651 7 |a Rožňava (Slovensko)  |2 RVGKPD  |9 17394 
655 7 |a periodikum  |2 snkbucl  |9 29553 
700 0 |a (jkč)  |4 upr  |9 1024004 
710 2 |a Nemocnica s poliklinikou sv. Barbory (Rožňava, Slovensko)  |4 aut  |9 31725 
773 0 8 |t Zora Gemera  |g Roč. 7, č.10, 9.3.1999, s. 1 
852 |a ZVYKNI  |b KIS3GCP 
999 |c 3190939  |d 3192869